<?xml version="1.0" encoding="UTF-8"?>
<marc:record xmlns:marc="http://www.loc.gov/MARC21/slim">
   <marc:leader>00000nam a2200000 a 4500</marc:leader>
   <marc:datafield ind1="1" ind2=" " tag="100">
      <marc:subfield code="a">WERZOWA, Walter</marc:subfield>
   </marc:datafield>
   <marc:datafield ind1=" " ind2=" " tag="653">
      <marc:subfield code="a">DVD-Video</marc:subfield>
   </marc:datafield>
   <marc:datafield ind1=" " ind2=" " tag="653">
      <marc:subfield code="a">Judenverfolgung</marc:subfield>
   </marc:datafield>
   <marc:datafield ind1=" " ind2=" " tag="653">
      <marc:subfield code="a">DVD</marc:subfield>
   </marc:datafield>
   <marc:datafield ind1=" " ind2=" " tag="653">
      <marc:subfield code="a">2. Weltkrieg</marc:subfield>
   </marc:datafield>
   <marc:datafield ind1=" " ind2=" " tag="653">
      <marc:subfield code="a">Denunzierung</marc:subfield>
   </marc:datafield>
   <marc:datafield ind1="0" ind2="0" tag="245">
      <marc:subfield code="a">Babij Jar - Das vergessene Verbrechen</marc:subfield>
   </marc:datafield>
   <marc:datafield ind1="0" ind2="0" tag="245">
      <marc:subfield code="c">Darst.: Michael Degen, Barbara De Rossi, Katrin Sass ...</marc:subfield>
   </marc:datafield>
   <marc:datafield ind1=" " ind2="1" tag="264">
      <marc:subfield code="a">München</marc:subfield>
      <marc:subfield code="b">Universum Film GmbH</marc:subfield>
      <marc:subfield code="c">2013</marc:subfield>
   </marc:datafield>
   <marc:datafield ind1="1" ind2=" " tag="520">
      <marc:subfield code="a">September 1941. Die jüdische Familie Lerner und die ukrainische Familie Onufrienko sind seit 20 Jahren eng befreundet und wohnen zusammen in einem Zwei-Familien-Haus am Rand Kiews. Während das deutsche Militär unter Führung von Oberst Blobel die Deportation und Ermordung aller Juden von Kiew vorbereitet, versuchen die Lerners mit der Hilfe des Nachbarjungen Stepan gemeinsam gen Osten zu flüchten. Lena Onufrienki wittert ihre Chance. Um der Tochter, die kurz vor der Hochzeit steht, ein Heim zu schaffen, denunziert sie die Nachbarn um das Familienoberhaupt Genadij ohne zu wissen, dass ihr Sohn die Lerners begleitet.</marc:subfield>
   </marc:datafield>
   <marc:datafield ind1=" " ind2=" " tag="020">
      <marc:subfield code="a">B00AK3S9GE</marc:subfield>
      <marc:subfield code="9">B00AK3S9GE</marc:subfield>
   </marc:datafield>
   <marc:datafield ind1="0" ind2=" " tag="490">
      <marc:subfield code="v">0</marc:subfield>
   </marc:datafield>
   <marc:datafield ind1=" " ind2=" " tag="300">
      <marc:subfield code="a">ca. 104 Min.</marc:subfield>
   </marc:datafield>
</marc:record>
